000 00572nam a2200205Ia 4500
003 GCL
008 140319s9999 xx 000 0 ara d
040 _aGCL /
_cGCL
082 0 4 _a813.087
_bم م
100 1 _aمكتبة لبنان
245 1 0 _aالكمين /
_cمكتبة لبنان
260 _a[S.N] :
_bمكتبة لبنان
300 _aمتعدد
490 _aمغامرات روبن هود
_v0
650 0 4 _aقصص البطولات
650 0 4 _aالاطفال
650 0 4 _aقصص الاطفال
650 0 4 _aادب الاطفال
942 _2ddc
_cBK
999 _c32775
_d32775